Retos y desafo̕s en materia de discapacidad: Una visin̤ multidisciplinar

Detalles Bibliográficos
Otros Autores: Instituto Nacional de Administracin̤ Pb︢lica (INAP)
Formato: Libro
Lenguaje:español
Publicado: Espaą Instituto Nacional de Administracin̤ Pb︢lica (INAP) 2015
Materias:
Acceso en línea:Acceso restringido

MARC

LEADER 00000nam a22000007a 4500
005 2016020201321.0
007 cr|||| ||u|
008 160202s2015 sp ||||| ||||o00||0 spa d
022 |a 978-84-7351-501-6 
035 |a 13060 
040 |a vLex 
090 |c 5868  |d 5868 
245 1 0 |a Retos y desafo̕s en materia de discapacidad: Una visin̤ multidisciplinar  |h [Recurso electrn̤ico] /  |c Instituto Nacional de Administracin̤ Pb︢lica (INAP), 2015  
256 |a Servicio en ln̕ea  
260 |a Espaą  |b Instituto Nacional de Administracin̤ Pb︢lica (INAP)  |c 2015 
300 |a 1 recurso electrn̤ico (177 Pg̀inas) 
506 1 |a Contenido solo disponible en los productos indicados  |d vLex Global  |d vLex Global (Academic Edition, excluding Law Schools)  |d vLex Global (U.S. Academic Edition, Law Schools)  |d vLex Global (U.S. Academic Edition, excluding Law Schools)  |d vLex Global (Academic Edition, Law Schools) 
650 0 4 |a Discapacidad -- Trabajo  |z Espaą 
700 |a Instituto Nacional de Administracin̤ Pb︢lica (INAP) 
740 0 |a vLex libros (servicio en ln̕ea)  
856 4 0 |u http://vlex.com/source/retos-desafios-materia-discapacidad-vision-multidisciplinar-13060  |z Acceso restringido  
942 |c BOOK 
999 0 |a People with disabilities--Employment